000
00230 a2200097 4500
001
46382
100
_a
Doig, P
245
_a
An outline of stellar Astronomy
260
_a
London
_b
Hutchinson's Scientific
_c
090
_c
29502
_d
29502
942
_a
NUST-CAE
_c
M
_c
21672
999
_c
281455
_d
281455